An Introduction to Discoursce Analysis (Record no. 47400)
[ view plain ]
| 000 -LEADER | |
|---|---|
| fixed length control field | 00457nam a2200169 4500 |
| 005 - DATE AND TIME OF LATEST TRANSACTION | |
| control field | 20260519123725.0 |
| 008 - FIXED-LENGTH DATA ELEMENTS--GENERAL INFORMATION | |
| fixed length control field | 260427b |||||||| |||| 00| 0 eng d |
| 020 ## - INTERNATIONAL STANDARD BOOK NUMBER | |
| ISBN | 9780415585705 |
| 082 ## - DEWEY DECIMAL CLASSIFICATION NUMBER | |
| Classification number | 401.41 |
| Author Mark | JAM-A |
| 100 ## - MAIN ENTRY--AUTHOR | |
| Author Name | James Paul Gee |
| 245 ## - TITLE STATEMENT | |
| Title | An Introduction to Discoursce Analysis |
| Sub-Title | Theory And Methods |
| 260 ## - PUBLICATION, DISTRIBUTION, ETC. | |
| Place of Publication | NEW YORK |
| Name of publisher, distributor, etc. | Routledge ,Taylor and Francis Group |
| 300 ## - PHYSICAL DESCRIPTION | |
| Pages | 218p |
| 490 ## - SERIES STATEMENT | |
| Series Statement | 3rd Ed. |
| 650 ## - SUBJECT ADDED ENTRY--TOPICAL TERM | |
| Subject / Department | English |
| 942 ## - ADDED ENTRY ELEMENTS (KOHA) | |
| Koha item type | Book |
| Withdrawn status | Lost status | Damaged status | Not for loan | Collection code | Permanent Location | Current Location | Shelving Location | Date acquired | Source of acquisition | Inventory number | Total Checkouts | Full Call Number | Accession No./Barcode | Date last seen | Koha item type |
|---|---|---|---|---|---|---|---|---|---|---|---|---|---|---|---|
| English | Air University H-11 Campus Islamabad | Air University H-11 Campus Islamabad | English Literature | 04/27/2026 | Ali Book Services | AUH11-01 | 401.41 JAM-A | AUHEP0006 | 04/27/2026 | Book |







